|
|
|
|
| LEADER |
01401nam a22002657a 4500 |
| 001 |
35452 |
| 003 |
BD-DhAAL |
| 005 |
20250622153048.0 |
| 008 |
211026t2012 bg ||||| |||| 00| 0 ben d |
| 020 |
|
|
|a 98484660018
|
| 040 |
|
|
|a BD-DhAAL
|d BD-DhAAL
|
| 041 |
|
|
|a ben
|
| 082 |
|
|
|a 370
|2 23
|
| 100 |
|
|
|a মিয়া, ছিদ্দকুর রহমান.
|9 42235
|
| 245 |
|
|
|a বেসরকারী শিক্ষা প্রতিষ্ঠান গাইড /
|c ছিদ্দিকুর রহমান মিয়া.
|
| 260 |
|
|
|a ঢাকা :
|b নিউ ওয়ার্সী বুক কর্পোরেশন,
|c ২০১২.
|
| 300 |
|
|
|a XXI,৭৪৭ পৃষ্ঠা :
|a XX, ৬২০ পৃষ্ঠা ;
|c ২২ সে.মি.
|
| 526 |
|
|
|a BIED
|
| 541 |
|
|
|a Complimentary copy from BIED
|e 35452, 37795
|
| 650 |
|
|
|a Education.
|9 42236
|
| 852 |
|
|
|a Ayesha Abed Library
|c BIED Collection
|
| 942 |
|
|
|2 ddc
|c BK
|
| 999 |
|
|
|c 43276
|d 43276
|
| 952 |
|
|
|0 0
|1 0
|2 ddc
|4 0
|6 370_000000000000000_MIA
|7 0
|9 69427
|a BRACUL
|b BRACUL
|c GEN
|d 2021-10-26
|e Complimentary copy from BIED
|l 0
|o 370 MIA
|p 3010035452
|r 2021-10-26
|t 1
|w 2021-10-26
|y BK
|x Transferred from BIED to General Stacks
|
| 952 |
|
|
|0 0
|1 0
|2 ddc
|4 0
|6 370_000000000000000_MIA
|7 0
|9 69884
|a BRACUL
|b BRACUL
|c GEN
|d 2022-02-24
|e Complimentary copy from BIED
|l 0
|o 370 MIA
|p 3010037795
|r 2022-02-24
|t 2
|w 2022-02-24
|y BK
|x Transferred from BIED to General Stacks
|